[Event "Euro Online U2300 Day 1"]
[Site "chess.com INT"]
[Date "2020.05.25"]
[Round "3"]
[White "Sedykh, Mikhail"]
[Black "Shishigin, Dmitry"]
[Result "0-1"]
[WhiteElo "2119"]
[BlackElo "2219"]
[WhiteFideId "447498"]
[BlackFideId "24104353"]
[EventDate "2020.05.25"]

1. d4 Nf6 2. c4 e6 3. Nf3 d5 4. Nc3 Bb4 5. cxd5 exd5 6. Qa4+ Nc6 7. Bg5 h6 8.
Bxf6 Qxf6 9. e3 O-O 10. a3 Bxc3+ 11. bxc3 a6 12. Be2 b5 13. Qc2 Bf5 14. Bd3 Bg4
15. Nd2 Qg5 16. Nb3 Rae8 17. Nc5 Bc8 18. Kf1 Ne7 19. a4 c6 20. axb5 axb5 21. h4
Qf6 22. e4 dxe4 23. Nxe4 Qe6 24. Rh3 Ng6 25. Qd2 Qd5 26. Rg3 Rxe4 27. Bxe4 Qxe4
28. h5 Qf4 29. Qe2 Nh4 30. Re1 Be6 31. Qe3 Qxe3 32. Rgxe3 Nf5 33. Re5 Ra8 34. f3
Nd6 35. g4 Ra2 36. Kg1 Rc2 37. R5e3 Nc4 38. Rd3 Bd5 39. Re8+ Kh7 40. Re7 Nd2 41.
f4 Nf3+ 42. Kf1 Bc4 43. Re3 Bxd3+ 44. Rxd3 Nh2+ 45. Ke1 Nxg4 46. Kd1 Ra2 47. Rg3
Nf6 0-1

[Event "Euro Online U2300 Day 1"]
[Site "chess.com INT"]
[Date "2020.05.25"]
[Round "3"]
[White "Ristic, Nenad"]
[Black "Erdogan, Anil Berk"]
[Result "0-1"]
[WhiteTitle "GM"]
[BlackTitle "CM"]
[WhiteElo "2332"]
[BlackElo "2155"]
[WhiteFideId "901318"]
[BlackFideId "6348173"]
[EventDate "2020.05.25"]

1. e4 c5 2. Nf3 g6 3. d4 cxd4 4. Qxd4 Nf6 5. Nc3 Nc6 6. Qa4 d6 7. e5 dxe5 8.
Nxe5 Qd4 9. Nxc6 Qxa4 10. Nxa4 bxc6 11. Be3 Nd5 12. Bd4 f6 13. O-O-O e5 14. Bc5
Bg4 15. f3 Be6 16. c4 Bh6+ 17. Kb1 Ne3 18. Rd6 Bf5+ 19. Bd3 Nxc4 20. Bxf5 Nxd6
21. Bd3 Nf5 22. Be4 Kd7 23. b4 Kc7 24. g4 Nd4 25. h4 Bf8 26. h5 Bxc5 27. Nxc5 f5
28. Bd3 a5 29. gxf5 gxf5 30. a3 axb4 31. axb4 Rhb8 32. Na6+ Rxa6 33. Bxa6 Rxb4+
34. Kc1 Ra4 35. Bd3 Nxf3 36. Bxf5 e4 37. Kb2 e3 38. Bd3 h6 39. Rh3 Ne5 40. Rxe3
Nxd3+ 41. Rxd3 Rh4 42. Rg3 Rxh5 43. Kc3 Kb6 44. Kb4 Rh4+ 45. Kc3 Kc5 46. Rg6
Rh3+ 47. Kd2 Kd5 48. Rg8 c5 49. Rd8+ Kc4 50. Rg8 h5 51. Rg5 Rh2+ 52. Kc1 Kd4 53.
Rg8 c4 54. Rg7 h4 55. Rg8 Kc3 56. Kd1 Rh1+ 57. Ke2 Kc2 58. Rh8 c3 59. Rh7 h3 60.
Rh8 h2 61. Rh7 Rd1 0-1

[Event "Euro Online U2300 Day 1"]
[Site "chess.com INT"]
[Date "2020.05.25"]
[Round "3"]
[White "Rzayev, Askar Aliakbar"]
[Black "Paulauskas, Andrius"]
[Result "1-0"]
[WhiteElo "2129"]
[BlackElo "1904"]
[WhiteFideId "13405039"]
[BlackFideId "12807346"]
[EventDate "2020.05.25"]

1. d4 e6 2. c4 Nf6 3. Nc3 d5 4. cxd5 exd5 5. Bg5 Be7 6. e3 O-O 7. Bd3 c6 8. Nge2
Nbd7 9. Qc2 Re8 10. O-O Nf8 11. Rab1 Ne4 12. Bxe7 Qxe7 13. Bxe4 dxe4 14. b4 f5
15. d5 Qe5 16. Rfd1 cxd5 17. Rxd5 Qf6 18. Rbd1 Be6 19. Rd6 Rac8 20. Qd2 Qe5 21.
Qd4 Qxd4 22. R1xd4 Bc4 23. h4 Bd3 24. R4d5 g6 25. h5 Kf7 26. a4 Rc4 27. Rd4 Rec8
28. hxg6+ hxg6 29. Rxc4 Rxc4 30. Rd4 Bxe2 31. Nxe2 Rc2 32. Nf4 g5 33. Nh3 Kf6
34. Rd6+ Ke5 35. Rd8 Ne6 36. Rb8 Rc7 37. Re8 Kf6 38. Rh8 Rc4 39. Ra8 a6 40. b5
Rxa4 41. bxa6 Rxa6 42. Rb8 Rb6 43. Rh8 Rb2 44. Rb8 b5 45. Rb6 Ke5 46. f3 exf3
47. gxf3 f4 48. e4 g4 49. fxg4 f3 50. Nf2 Nf4 51. g5 Ne2+ 52. Kh2 Kd4 53. g6 Nc3
54. Kg3 Nxe4+ 55. Nxe4 Kxe4 56. Re6+ Kf5 57. Rb6 Ke4 58. Re6+ Kd5 59. Rf6 Rb1
60. Kf2 Ke4 61. Rxf3 Rb2+ 62. Kg3 Rb1 63. Rf2 Rb3+ 64. Kg2 Rd3 65. g7 Rd8 66.
Rf8 Rd2+ 67. Kf1 Rd1+ 68. Ke2 Rg1 69. g8=Q Rxg8 70. Rxg8 Kd4 71. Kd2 Kc4 72. Kc2
Kb4 73. Rg4+ Ka3 74. Kb1 Kb3 75. Rg3+ Kc4 76. Kb2 Kb4 77. Rg4+ Kc5 78. Kb3 Kd6
79. Kb4 Ke7 80. Kxb5 1-0

[Event "Euro Online U2300 Day 1"]
[Site "chess.com INT"]
[Date "2020.05.25"]
[Round "3"]
[White "Pniaczek, Marek"]
[Black "Czernek, Tymon"]
[Result "1-0"]
[WhiteTitle "CM"]
[WhiteElo "2102"]
[BlackElo "2199"]
[WhiteFideId "21800421"]
[BlackFideId "1199510"]
[EventDate "2020.05.25"]

1. e4 c5 2. Nf3 d6 3. Bb5+ Bd7 4. c4 Bxb5 5. cxb5 Nf6 6. Nc3 g6 7. O-O Bg7 8. d4
cxd4 9. Nxd4 O-O 10. f4 Nbd7 11. Be3 Rc8 12. Qf3 Nb6 13. Rad1 Nc4 14. Bc1 e5 15.
Nb3 Qb6+ 16. Kh1 Rfe8 17. fxe5 Nxe5 18. Qg3 Rxc3 19. Qxc3 Nxe4 20. Qd4 Ng4 21.
Qxb6 axb6 22. Kg1 Be5 23. g3 h5 24. Rfe1 f5 25. Bf4 Bxf4 26. gxf4 Ngf2 27. Rd4
Nh3+ 28. Kf1 Nxf4 29. Nd2 d5 30. Nxe4 fxe4 31. Rc1 Rf8 32. Ke1 Nd3+ 33. Rxd3
exd3 34. Rc7 Re8+ 35. Kd2 Re2+ 36. Kxd3 Rxb2 37. a4 Rb3+ 38. Kd4 Rb4+ 39. Kxd5
Rxa4 40. Rxb7 g5 41. Rxb6 Kf7 42. Rh6 h4 43. b6 Kg7 44. Rc6 Rb4 45. Rc7+ Kf6 46.
b7 g4 47. Kc5 Rb2 48. Rc6+ Ke5 49. Rb6 Rc2+ 50. Kb5 Rb2+ 51. Kc6 Rc2+ 52. Kd7
Rd2+ 53. Ke7 1-0

[Event "Euro Online U2300 Day 1"]
[Site "chess.com INT"]
[Date "2020.05.25"]
[Round "3"]
[White "Kucher, Kostyantyn"]
[Black "Nilssen, Ellen Fredericia"]
[Result "0-1"]
[BlackTitle "WFM"]
[WhiteElo "2006"]
[BlackElo "2071"]
[WhiteFideId "14195950"]
[BlackFideId "1441230"]
[EventDate "2020.05.25"]

1. e4 e6 2. d4 d5 3. e5 c5 4. c3 Nc6 5. Nf3 Bd7 6. a3 f6 7. g3 Qc7 8. Bf4 Qb6 9.
b4 cxb4 10. cxb4 Rc8 11. h4 Nge7 12. exf6 gxf6 13. Bh3 Bg7 14. O-O O-O 15. Qe1
Nd8 16. Nc3 Ng6 17. Nxd5 Qc6 18. h5 Qxd5 19. hxg6 Qxf3 20. gxh7+ Kh8 21. Bg2 Qc3
22. Qe2 Qc4 23. Qh5 Qd3 24. Bd6 Re8 25. Rac1 Rc2 26. Rfd1 Qe2 27. Qxe2 Rxe2 28.
Rc7 Ba4 29. Rdc1 Kxh7 30. Bxb7 Nxb7 31. Rxb7 Kg6 32. Rxa7 Bc2 33. Rc7 Be4 34.
Kf1 Ra2 35. Rc8 Rxc8 36. Rxc8 Rxa3 37. Ke2 f5 38. Bc5 Bh6 39. f4 Rxg3 40. Rg8+
Bg7 41. b5 Kf7 42. Rd8 Rb3 43. b6 Bh6 44. Rd7+ Kg6 45. Rd6 Bd5 46. Kd2 Bxf4+ 47.
Kc2 Bxd6 0-1

[Event "Euro Online U2300 Day 1"]
[Site "chess.com INT"]
[Date "2020.05.25"]
[Round "3"]
[White "Han, Yichen"]
[Black "Romashov, Anton"]
[Result "1/2-1/2"]
[WhiteTitle "FM"]
[WhiteElo "2307"]
[BlackElo "2070"]
[WhiteFideId "1054430"]
[BlackFideId "14116758"]
[EventDate "2020.05.25"]

1. e4 d6 2. d4 Nf6 3. Nc3 g6 4. Bg5 Bg7 5. Qd2 Nbd7 6. O-O-O c6 7. f4 Qc7 8. Nf3
a6 9. e5 Nd5 10. Bc4 Nxc3 11. Qxc3 Nb6 12. Bb3 d5 13. h3 h5 14. a4 Bf5 15. a5
Nd7 16. Bxd5 O-O-O 17. Bxf7 e6 18. Bxd8 Rxd8 19. Ng5 Nf8 20. Qb3 Qe7 21. d5 cxd5
22. Bg8 Bh6 23. Nf7 Bxf4+ 24. Kb1 Rd7 25. g3 Rc7 26. Nd6+ Kb8 27. Nxf5 gxf5 28.
gxf4 Ng6 29. Qg3 Qc5 30. Rh2 Nf8 31. Qa3 Qxa3 32. bxa3 Rg7 33. c4 Rxg8 34. cxd5
exd5 35. Rxd5 Ne6 36. Rb2 Rg3 37. Rd7 Nc5 38. Rf7 Rxa3 39. Rxf5 Rxa5 40. e6 Kc7
41. Re5 Kd8 42. e7+ Ke8 43. Rd2 Rb5+ 44. Kc1 Nb3+ 45. Kc2 Nxd2 1/2-1/2

[Event "Euro Online U2300 Day 1"]
[Site "chess.com INT"]
[Date "2020.05.25"]
[Round "3"]
[White "Lahav, Michal"]
[Black "Medar, Marti"]
[Result "1-0"]
[WhiteTitle "WIM"]
[WhiteElo "2219"]
[BlackElo "2019"]
[WhiteFideId "2813742"]
[BlackFideId "4501870"]
[EventDate "2020.05.25"]

1. e4 c6 2. Nc3 d6 3. d4 Qc7 4. g3 Nf6 5. Bg2 h5 6. h3 e5 7. Nge2 Be7 8. Be3 b5
9. a3 h4 10. g4 Nh7 11. Qd2 g5 12. O-O a6 13. Rad1 Nd7 14. Nc1 Ndf8 15. Nd3 Ng6
16. dxe5 dxe5 17. Ne2 Nf4 18. Nexf4 gxf4 19. Bc5 Ng5 20. Bxe7 Kxe7 21. Qb4+ Kf6
22. f3 Ne6 23. Kh2 c5 24. Qc3 a5 25. g5+ Nxg5 26. Nxf4 Be6 27. Nd5+ Bxd5 28.
Rxd5 Ne6 29. f4 b4 30. axb4 axb4 31. fxe5+ Ke7 32. Qf3 Ke8 33. Qf6 Rg8 34. Rd6
Qe7 35. Qh6 Ra2 36. Qd2 Rxb2 37. Ra1 Nc7 38. Kh1 b3 39. Qc3 Rxc2 40. Qxb3 Qxe5
41. Qb8+ Ke7 42. Qxc7+ Kf8 43. Rd8+ Kg7 44. Qxe5+ 1-0

[Event "Euro Online U2300 Day 1"]
[Site "chess.com INT"]
[Date "2020.05.25"]
[Round "3"]
[White "Peycheva, Gergana"]
[Black "Skreno, Vladimir"]
[Result "1-0"]
[WhiteTitle "FM"]
[WhiteElo "2255"]
[BlackElo "2119"]
[WhiteFideId "2916711"]
[BlackFideId "14902893"]
[EventDate "2020.05.25"]

1. d4 Nf6 2. c4 g6 3. Nc3 Bg7 4. e4 d6 5. Nf3 O-O 6. Be2 e5 7. O-O Nc6 8. d5 Ne7
9. b4 Ne8 10. a4 f5 11. Ng5 Rf6 12. Qb3 h6 13. Ne6 Bxe6 14. dxe6 Kh7 15. c5 Nc6
16. exf5 gxf5 17. Bc4 Nd4 18. Qb1 c6 19. Be3 d5 20. Bd3 Nxe6 21. Bxf5+ Kh8 22.
Bxe6 Rxe6 23. Bd2 Qh4 24. Qf5 Nc7 25. Ne2 Rf8 26. Qc2 Ref6 27. Ng3 Ne6 28. Bc3
d4 29. Bd2 Qg4 30. Rae1 R6f7 31. f3 Qh4 32. Re4 Nf4 33. Rfe1 Qd8 34. Bxf4 exf4
35. Nf1 d3 36. Qd2 a6 37. Rd1 Bd4+ 38. Kh1 Be3 39. Nxe3 fxe3 40. Qxe3 Rf6 41.
Rxd3 Qc7 42. Re7 Qb8 43. Rdd7 1-0

[Event "Euro Online U2300 Day 1"]
[Site "chess.com INT"]
[Date "2020.05.25"]
[Round "3"]
[White "Putrenko, Kirill"]
[Black "Injac, Teodora"]
[Result "1-0"]
[BlackTitle "WIM"]
[WhiteElo "2114"]
[BlackElo "2286"]
[WhiteFideId "44148402"]
[BlackFideId "932400"]
[EventDate "2020.05.25"]

1. d4 Nf6 2. c4 g6 3. Nc3 Bg7 4. e4 d6 5. Be2 O-O 6. Bg5 c5 7. d5 h6 8. Bf4 a6
9. a4 e6 10. dxe6 Bxe6 11. Bxd6 Re8 12. e5 Nfd7 13. f4 Nc6 14. Nf3 g5 15. g3 Qb6
16. O-O Rad8 17. Nd5 Bxd5 18. cxd5 Nb4 19. a5 Qa7 20. Bc4 b5 21. axb6 Nxb6 22.
b3 Rxd6 23. exd6 Bxa1 24. Qxa1 Qd7 25. Qf6 N4xd5 26. Qxh6 Re6 27. Qxg5+ Rg6 28.
Ne5 Rxg5 29. Nxd7 Rg6 30. Bxd5 Nxd5 31. Nxc5 Rxd6 32. Rd1 a5 33. Ne4 Re6 34.
Rxd5 Rxe4 35. Rxa5 Rb4 36. Ra3 Kg7 37. Kf2 Kg6 38. Ke3 Kf5 39. h3 Rb5 40. Kd4
Rb4+ 41. Kc5 Re4 42. b4 Re2 43. b5 Rh2 44. b6 1-0

[Event "Euro Online U2300 Day 1"]
[Site "chess.com INT"]
[Date "2020.05.25"]
[Round "3"]
[White "Werle, Iozefina"]
[Black "Sudakova, Irina"]
[Result "1-0"]
[WhiteTitle "WGM"]
[BlackTitle "WGM"]
[WhiteElo "2300"]
[BlackElo "2288"]
[WhiteFideId "1213261"]
[BlackFideId "4129903"]
[EventDate "2020.05.25"]

1. e4 c5 2. Nf3 d6 3. Bc4 Nf6 4. d3 Nc6 5. c3 e6 6. O-O Be7 7. Bb3 O-O 8. Re1 b5
9. Nbd2 Bb7 10. Nf1 Qc7 11. Bg5 Rfd8 12. Ng3 Ne5 13. Bc2 h6 14. Nxe5 dxe5 15.
Bxf6 Bxf6 16. Nh5 Bg5 17. Qg4 g6 18. Ng3 Qe7 19. a4 a6 20. Nf1 h5 21. Qe2 Bc6
22. a5 Bh6 23. h3 Qg5 24. Nh2 Qd2 25. Nf3 Qxe2 26. Rxe2 Bg7 27. g4 hxg4 28. hxg4
f6 29. Kg2 Kf7 30. Rh1 Rh8 31. Ree1 Rxh1 32. Rxh1 Rh8 33. Rxh8 Bxh8 34. d4 exd4
35. cxd4 c4 36. Kf1 Bg7 37. Ke2 Bf8 38. g5 Bb4 39. gxf6 Kxf6 40. e5+ Kg7 41. Ng5
Bd5 42. Be4 Bxa5 43. Bxd5 exd5 44. Ne6+ Kf7 45. Nf4 Bb6 46. Ke3 Bd8 47. Nxd5 Ke6
48. Ke4 a5 49. Nf4+ Kf7 50. d5 a4 51. Ne2 b4 52. Kd4 c3 53. bxc3 b3 54. Kd3 a3
55. Nd4 b2 56. Kc2 Ba5 57. Nb5 g5 58. Nxa3 Bc7 59. e6+ Kf6 60. Nb5 Bb6 61. f3
Bc5 62. Kxb2 Ke5 63. Kc2 Kxd5 64. Nd4 Ke5 65. Kd3 Kf4 66. Nc6 Kxf3 67. e7 Bxe7
68. Nxe7 g4 69. Nf5 Kf4 70. Ne3 g3 71. c4 Ke5 72. Kc3 Kd6 73. Kd4 Kc6 74. Ke4
Kc5 75. Kf3 g2 76. Kxg2 1-0

[Event "Euro Online U2300 Day 1"]
[Site "chess.com INT"]
[Date "2020.05.25"]
[Round "3"]
[White "Pavlidou, Ekaterini"]
[Black "Staub, Ludovic"]
[Result "0-1"]
[WhiteTitle "WIM"]
[WhiteElo "2170"]
[BlackElo "2105"]
[WhiteFideId "4213262"]
[BlackFideId "1310879"]
[EventDate "2020.05.25"]

1. d4 d5 2. c4 e6 3. Nc3 Nf6 4. cxd5 exd5 5. Bg5 Nbd7 6. e3 c6 7. Bd3 Be7 8.
Nge2 O-O 9. Qc2 Re8 10. O-O Nf8 11. f3 h6 12. Bh4 Ne6 13. Rae1 c5 14. Rd1 cxd4
15. exd4 a6 16. Qb3 b5 17. Bxf6 Bxf6 18. Nxd5 Nxd4 19. Nxf6+ Qxf6 20. Nxd4 Qxd4+
21. Kh1 Qf6 22. Be4 Be6 23. Qa3 Rad8 24. Bc6 Rxd1 25. Rxd1 Rd8 26. Rxd8+ Qxd8
27. h3 Qb6 28. Be4 b4 29. Qa4 Kf8 30. a3 a5 31. axb4 Qxb4 32. Qd1 g6 33. Qc1 Kg7
34. Kg1 Qd4+ 35. Kh2 Qe5+ 36. Kh1 Qd4 37. Kh2 Qe5+ 38. g3 Qd4 39. Kg2 Bc4 40. h4
h5 41. Bc6 Be6 42. Be4 Qb4 43. Bd3 Qd4 44. Be4 Qb4 45. Kf2 Qd4+ 46. Ke2 Bc4+ 47.
Ke1 Qg1+ 48. Kd2 Qd4+ 49. Kc2 a4 50. Qd2 Bb3+ 51. Kb1 Qxd2 0-1

[Event "Euro Online U2300 Day 1"]
[Site "chess.com INT"]
[Date "2020.05.25"]
[Round "3"]
[White "Bruil, Rembrandt"]
[Black "Kabanova, Ekaterina"]
[Result "0-1"]
[WhiteTitle "CM"]
[BlackTitle "WFM"]
[WhiteElo "2105"]
[BlackElo "2138"]
[WhiteFideId "1053590"]
[BlackFideId "24112917"]
[EventDate "2020.05.25"]

1. g3 c5 2. Bg2 Nf6 3. d3 e6 4. c3 Qc7 5. Nf3 Be7 6. O-O O-O 7. a4 d6 8. Bg5
Nbd7 9. Nbd2 Rb8 10. e4 h6 11. Bxf6 Bxf6 12. Ne1 a6 13. a5 Ne5 14. f4 Nc6 15.
Nc4 Rd8 16. Nc2 Bd7 17. N2e3 Be8 18. f5 Bg5 19. h4 Bf6 20. Qg4 Qe7 21. Rf2 Kh7
22. Raf1 Bd7 23. Qh5 Ne5 24. Nxe5 dxe5 25. Bh3 Rf8 26. fxe6 fxe6 27. Ng4 Rbd8
28. Rxf6 Rxf6 29. Rxf6 gxf6 30. Qxh6+ Kg8 31. Nxf6+ Kf7 32. Qh7+ Kxf6 33. Qh6+
Kf7 34. Bg4 Qf6 35. Qh7+ Kf8 36. h5 Qg7 37. Qxg7+ Kxg7 38. Kg2 Kh6 39. Kh3 Kg5
40. Be2 c4 41. dxc4 Bc6 42. Bf3 Rd2 43. b4 Rf2 44. Bg2 Kxh5 45. g4+ Kg5 46. Kg3
Rc2 47. Bf1 Rxc3+ 48. Kf2 Bxe4 0-1

[Event "Euro Online U2300 Day 1"]
[Site "chess.com INT"]
[Date "2020.05.25"]
[Round "3"]
[White "Klimkowski, Jan"]
[Black "Jusic, Zdenko"]
[Result "0-1"]
[BlackTitle "IM"]
[WhiteElo "2193"]
[BlackElo "2254"]
[WhiteFideId "21856222"]
[BlackFideId "14501902"]
[EventDate "2020.05.25"]

1. e4 d6 2. d4 g6 3. Nc3 Bg7 4. Nf3 a6 5. Be3 b5 6. Qd2 Bb7 7. Bd3 b4 8. Ne2 a5
9. O-O-O Nd7 10. h4 h5 11. Ng3 e5 12. dxe5 Nxe5 13. Nxe5 Bxe5 14. f4 Bg7 15.
Bb5+ Kf8 16. e5 Nh6 17. exd6 Qxd6 18. Qe2 Qf6 19. c3 bxc3 20. Rhe1 Nf5 21. Bd4
cxb2+ 22. Kb1 Qe6 23. Nxf5 Qxf5+ 24. Bd3 Qg4 25. Qxb2 Bxd4 26. Qxd4 Kg8 27. Rc1
Qxh4 28. Bc4 Rd8 29. Qe5 Rf8 30. Qxc7 Bxg2 31. Re7 Qf6 32. Rg1 Bh3 33. Rg5 Bf5+
34. Kc1 Kg7 35. Kd2 h4 36. Re2 Rd8+ 37. Ke1 Rc8 38. Qe5 Rxc4 0-1

[Event "Euro Online U2300 Day 1"]
[Site "chess.com INT"]
[Date "2020.05.25"]
[Round "3"]
[White "Poghosyan, Suren"]
[Black "Paprocki, Jaroslaw"]
[Result "0-1"]
[WhiteTitle "FM"]
[WhiteElo "2275"]
[BlackElo "2248"]
[WhiteFideId "13303201"]
[BlackFideId "1122274"]
[EventDate "2020.05.25"]

1. d4 Nf6 2. c4 e6 3. Nc3 Bb4 4. e3 d5 5. Ne2 O-O 6. a3 Be7 7. cxd5 exd5 8. g3
Re8 9. Bg2 a5 10. O-O Na6 11. f3 c5 12. g4 h6 13. Ng3 Bd6 14. Qd3 b6 15. Bd2 Nc7
16. Rfe1 Ba6 17. Qc2 Rc8 18. Nf5 Bf8 19. Rad1 g6 20. Ng3 Ne6 21. Bc1 cxd4 22.
exd4 Nxd4 23. Rxe8 Qxe8 24. Rxd4 Qe1+ 25. Bf1 Bc5 26. Kg2 Bxf1+ 27. Nxf1 Bxd4
28. Bxh6 Bxc3 29. bxc3 Rxc3 30. Qb2 d4 31. Ng3 Qd1 32. Qxb6 Qxf3+ 33. Kg1 Qd1+
34. Nf1 Qxg4+ 35. Ng3 Nh5 36. Qxd4 Qxd4+ 0-1

[Event "Euro Online U2300 Day 1"]
[Site "chess.com INT"]
[Date "2020.05.25"]
[Round "3"]
[White "Thorsteinsson, Thorsteinn"]
[Black "Maisuradze, Nino"]
[Result "1/2-1/2"]
[WhiteTitle "FM"]
[BlackTitle "WGM"]
[WhiteElo "2271"]
[BlackElo "2214"]
[WhiteFideId "2300281"]
[BlackFideId "13601717"]
[EventDate "2020.05.25"]

1. d4 Nf6 2. c4 c5 3. d5 e6 4. Nc3 exd5 5. cxd5 d6 6. e4 g6 7. f3 Bg7 8. Bg5 O-O
9. Qd2 Re8 10. Nge2 Qa5 11. a4 a6 12. Ra3 Nbd7 13. Nd1 Qxd2+ 14. Kxd2 Rb8 15.
Nec3 Ne5 16. Be2 Bd7 17. a5 Bc8 18. Na4 Bd7 19. Ndc3 Bxa4 20. Nxa4 Ned7 21. Rb3
h6 22. Bf4 Bf8 23. Rc1 Nh5 24. Be3 f5 25. Nc3 Nhf6 26. Bd3 fxe4 27. Nxe4 Nxe4+
28. Bxe4 Kg7 29. Bf4 g5 30. Bg3 Nf6 31. Kd3 Be7 32. Rb6 Nd7 33. Rb3 b5 34. axb6
Nxb6 35. Ra3 Ra8 36. Rca1 Bf6 37. Rxa6 Bxb2 38. Rxa8 Nxa8 39. Ra7+ Kf6 40. Bxd6
Be5 41. Bxe5+ Kxe5 42. Rh7 Nb6 43. Rxh6 Nxd5 44. Bxd5 Kxd5 45. h4 c4+ 46. Kc3
Re3+ 47. Kd2 Rd3+ 48. Kc2 gxh4 49. Rxh4 Ra3 50. Rg4 Ra2+ 51. Kc3 Ra3+ 52. Kc2
Ra2+ 53. Kb1 Rf2 54. Kc1 c3 55. Kd1 c2+ 56. Kc1 Ke5 57. Re4+ Kf5 58. g4+ Kg5 59.
Re3 Kf6 60. Rc3 Kg5 61. Kb2 Kf6 62. Kc1 Kg5 63. Rc5+ Kf4 64. Rxc2 Rxf3 65. Rc4+
Kg5 66. Rc5+ 1/2-1/2

[Event "Euro Online U2300 Day 1"]
[Site "chess.com INT"]
[Date "2020.05.25"]
[Round "3"]
[White "Golovanj, Yaroslav"]
[Black "Hofer, Maximilian"]
[Result "0-1"]
[WhiteElo "2013"]
[BlackElo "2108"]
[WhiteFideId "14113791"]
[BlackFideId "1625560"]
[EventDate "2020.05.25"]

1. e4 e5 2. Nf3 Nc6 3. d4 exd4 4. Nxd4 Bc5 5. Be3 Qf6 6. c3 Nge7 7. Be2 d5 8.
O-O dxe4 9. Nxc6 Qxc6 10. Bxc5 Qxc5 11. Qa4+ Bd7 12. Qxe4 O-O 13. Na3 Bc6 14.
Qf4 Nd5 15. Qg3 f5 16. Bc4 f4 17. Qd3 Rad8 18. b4 Qd6 19. b5 Qxa3 20. bxc6 bxc6
21. Rae1 Kh8 22. Rc1 Ne3 23. Qe2 Nxf1 24. Qxf1 f3 25. g3 Rd2 26. Qe1 Qb2 27. Rb1
Qxc3 28. Qe7 Rfd8 29. Bf1 Qf6 30. Qe3 R2d6 31. Rb7 Rd1 32. Rxc7 Rxf1+ 33. Kxf1
Rd1+ 34. Qe1 Rxe1+ 35. Kxe1 Qe5+ 0-1

[Event "Euro Online U2300 Day 1"]
[Site "chess.com INT"]
[Date "2020.05.25"]
[Round "3"]
[White "Kucera, Jiri"]
[Black "Guindy, Esmat Susanne"]
[Result "0-1"]
[BlackTitle "WFM"]
[WhiteElo "2019"]
[BlackElo "2131"]
[WhiteFideId "309494"]
[BlackFideId "1401637"]
[EventDate "2020.05.25"]

1. Nf3 d5 2. d4 Bf5 3. Bf4 e6 4. e3 Nf6 5. Be2 Be7 6. h3 h6 7. Nbd2 O-O 8. c4
dxc4 9. Bxc4 c5 10. O-O Nc6 11. Nb3 cxd4 12. Nbxd4 Nxd4 13. Nxd4 Bh7 14. Qb3 b6
15. Nc6 Qd7 16. Ne5 Qb7 17. Rfd1 Bc5 18. f3 Rfd8 19. Kh2 Nh5 20. a4 Nxf4 21.
exf4 Kh8 22. a5 Qc7 23. axb6 Bxb6 24. Rac1 Qb7 25. Bb5 a6 26. Ba4 f6 27. Nc6
Rxd1 28. Rxd1 Qc7 29. Qxe6 Qxf4+ 30. Kh1 Qxa4 31. Rd7 Qf4 32. Qf7 Qg3 33. Ne7
Bc7 34. Rxc7 Rd8 35. Rc1 Qe5 36. Nc6 Qd5 37. Nxd8 Qxd8 38. Qe6 Bg8 39. Rc8 Bxe6
40. Rxd8+ Kh7 41. Ra8 Bc4 42. b3 Bxb3 43. Rxa6 Bc4 44. Kh2 Bxa6 45. Kg3 g6 46.
Kf4 Kg7 47. g4 Kf7 48. h4 Ke6 49. g5 fxg5+ 50. hxg5 h5 51. Kg3 Kf5 52. f4 Bb7
53. Kh4 Kxf4 0-1

[Event "Euro Online U2300 Day 1"]
[Site "chess.com INT"]
[Date "2020.05.25"]
[Round "3"]
[White "Efimenko, Maria"]
[Black "Khalikov, Bulat"]
[Result "0-1"]
[WhiteTitle "WIM"]
[WhiteElo "2245"]
[BlackElo "2109"]
[WhiteFideId "14124327"]
[BlackFideId "34147869"]
[EventDate "2020.05.25"]

1. e4 e5 2. Nf3 Nc6 3. Bb5 a6 4. Ba4 Nf6 5. d3 d6 6. c3 Bd7 7. O-O g6 8. Nbd2
Bg7 9. d4 Qe7 10. dxe5 dxe5 11. Re1 O-O 12. Qe2 Rad8 13. Nf1 b5 14. Bc2 Be6 15.
Ne3 Nh5 16. g3 Na5 17. b3 Nc6 18. a4 b4 19. Qxa6 Rd6 20. Qe2 Rfd8 21. Nc4 R6d7
22. cxb4 Bg4 23. Qe3 Bh6 24. Qxh6 Bxf3 25. Bb2 f6 26. b5 Nd4 27. Bxd4 Rxd4 28.
Qe3 Bg4 29. a5 Qb4 30. b6 cxb6 31. axb6 Ng7 32. Ra4 Qb5 33. Qc3 Ne6 34. Rb4 Qc6
35. b7 Rb8 36. Rb6 Qc7 37. Qa5 Ng5 38. Rxf6 Rxc4 39. Qd5+ Kg7 40. Rd6 Nf3+ 41.
Kh1 Rc5 0-1

[Event "Euro Online U2300 Day 1"]
[Site "chess.com INT"]
[Date "2020.05.25"]
[Round "3"]
[White "Kudrytskyi, Stanislav"]
[Black "Purtseladze, Maka"]
[Result "0-1"]
[BlackTitle "IM"]
[WhiteElo "2057"]
[BlackElo "2274"]
[WhiteFideId "14133091"]
[BlackFideId "13602659"]
[EventDate "2020.05.25"]

1. d4 e6 2. c4 Nf6 3. Nf3 Bb4+ 4. Bd2 a5 5. g3 d6 6. Bg2 Qe7 7. O-O e5 8. d5 O-O
9. Nc3 Na6 10. a3 Bxc3 11. Bxc3 Nc5 12. b4 Na6 13. Ne1 Bf5 14. Nd3 Qd7 15. f3
axb4 16. axb4 b5 17. e4 bxc4 18. Nb2 Bh3 19. Qa4 h5 20. Nxc4 Bxg2 21. Kxg2 Rfb8
22. Qxd7 Nxd7 23. Ra4 Nb6 24. Nxb6 cxb6 25. Rfa1 Nc7 26. Bd2 Rxa4 27. Rxa4 Ra8
28. Rxa8+ Nxa8 29. Be3 Kf8 30. Kh3 g6 31. Kh4 f6 32. g4 hxg4 33. fxg4 b5 34. Ba7
Nc7 35. Bb8 Ne8 36. Kg3 Ke7 37. h4 Ng7 38. Bc7 Kd7 39. Bb6 Ke7 40. Be3 Kf7 41.
Bh6 Ne8 42. h5 g5 43. Kf3 Nc7 44. Ke3 Na6 45. Kd3 Nxb4+ 46. Kc3 Na6 47. Kb3 Nc5+
48. Kb4 Nxe4 49. Kxb5 Nf2 50. Kc6 Nxg4 51. Kxd6 e4 52. Kc7 e3 53. d6 Ne5 54. d7
Nxd7 55. Kxd7 e2 56. Bxg5 fxg5 0-1

[Event "Euro Online U2300 Day 1"]
[Site "chess.com INT"]
[Date "2020.05.25"]
[Round "3"]
[White "Orgse, Karl Kristofer"]
[Black "Alexakis, Dimitris"]
[Result "1-0"]
[BlackTitle "FM"]
[WhiteElo "1724"]
[BlackElo "2450"]
[WhiteFideId "4506081"]
[BlackFideId "4277023"]
[EventDate "2020.05.25"]

1. e4 c5 2. Nc3 e6 3. g3 Nc6 4. Bg2 g6 5. Nge2 Bg7 6. O-O Nge7 7. d3 O-O 8. Be3
Nd4 9. Qd2 d6 10. Nd1 Nxe2+ 11. Qxe2 Nc6 12. c3 b6 13. f4 Bb7 14. Nf2 d5 15. e5
d4 16. Bd2 dxc3 17. bxc3 Qc7 18. Ne4 Ne7 19. Nf6+ Kh8 20. Ne4 Rad8 21. Be3 Nd5
22. Rac1 f5 23. Ng5 Qd7 24. Rfd1 h6 25. Nf3 Kh7 26. Bf2 Qf7 27. d4 cxd4 28. cxd4
Rc8 29. Qd3 Qd7 30. Qb3 Rxc1 31. Rxc1 Rc8 32. Rxc8 Qxc8 33. h3 Bf8 34. Ne1 Qc1
35. Qa4 Qc7 36. Qxa7 Bb4 37. Bxd5 exd5 38. Nd3 Ba5 39. Be1 Bxe1 40. Nxe1 Kg8 41.
Kf2 g5 42. Nd3 Qc4 43. Qb8+ Bc8 44. Ke3 Kf7 45. Qxb6 Ba6 46. Qf6+ Ke8 47. Qxf5
Kd8 48. e6 Bb5 49. Qf6+ Kc8 50. Qf8+ Kb7 51. Nc5+ Ka7 52. Qe7+ Kb6 53. Qd8+ Kc6
54. Qd7+ Kb6 55. Qb7+ Ka5 56. Qa7+ Kb4 57. a3+ Kc3 58. Qa5+ Kc2 59. Qd2+ Kb1 60.
Qe1+ Kb2 61. Qb4+ Ka2 62. Qxc4+ dxc4 63. a4 Bc6 64. f5 Kb1 65. f6 c3 66. f7 c2
67. Nd3 Bb5 68. axb5 1-0